000 00380nam a2200133Ia 4500
008 210430s9999 xx 000 0 und d
082 _a669.14 B297T
100 _aBashforth G.Reginald
_952091
245 4 _aThe Manufacture of Iron and Steel V-2 /
_cBashforth G.Reginald
250 _a2nd edition
260 _aLondon
_c1959
_bChapman & Hall
300 _a390p.
942 _cBK
_2ddc
999 _c565548
_d565548